Dutch Players with the most Premier League Apps Quiz Stats

 Plays Quiz not verified by Sporcle

Challenge
Share
Tweet
Embed
Score 0/7 Timer 03:00
0 Plays Today
% Correct
Dennis Bergkamp
92.1%
Edwin van der Sar
92.1%
Robin van Persie
89.1%
Jimmy Floyd Hasselbaink
87.3%
Dirk Kuyt
72.5%
George Boateng
55%
Mario Melchiot
46.7%

You're not logged in!

Compare scores with friends on all Sporcle quizzes.
Join for Free
OR
Log In

You Might Also Like...

Show Comments

Extras

Top Quizzes Today


Score Distribution

Your Account Isn't Verified!

In order to create a playlist on Sporcle, you need to verify the email address you used during registration. Go to your Sporcle Settings to finish the process.

Report this User

Report this user for behavior that violates our Community Guidelines.

Details: